Webster's Universal Dictionary and Thesaurus plus World Maps in color
Saved in:
| Format: | Book |
|---|---|
| Language: | English |
| Published: |
Montreal
Tormont Publ.
1993
|
| Subjects: | |
| Tags: |
No Tags, Be the first to tag this record!
|
MARC
| LEADER | 00000nam a2200000 4500 | ||
|---|---|---|---|
| 001 | c016752 | ||
| 005 | 20251009091816.9 | ||
| 020 | |a 2-89429-176-0 | ||
| 041 | 0 | |a eng | |
| 044 | |a CA | ||
| 245 | 1 | 0 | |a Webster's Universal Dictionary and Thesaurus plus World Maps in color |
| 264 | 1 | |a Montreal |b Tormont Publ. |c 1993 | |
| 300 | |a 960 s. | ||
| 610 | 2 | 0 | |a terminológia |
| 610 | 2 | 0 | |a jazykoveda |
| 610 | 2 | 0 | |a angličtina |